| 000 | 00577nam a22002057a 4500 | ||
|---|---|---|---|
| 003 | OSt | ||
| 005 | 20140310183007.0 | ||
| 008 | 130211t xxu||||| |||| 00| 0 eng d | ||
| 020 | _a9710867938 | ||
| 050 |
_aHF 5661 _b.H367 2008 |
||
| 100 | _aHarina, Ricardo M. | ||
| 245 |
_aManagement advisory services : for business planning, control and decision / _cRicardo M. Harina. |
||
| 260 |
_aMandaluyong City : _bNational Book Store, _c2008. |
||
| 300 |
_a514 p. : _c26 cm. |
||
| 521 | _aBSBA | ||
| 562 | _e2 | ||
| 942 |
_2lcc _cBK _kLOC |
||
| 999 |
_c18181 _d18181 |
||